<?xml version="1.0" encoding="UTF-8"?>
<record
    xmlns:xsi="http://www.w3.org/2001/XMLSchema-instance"
    xsi:schemaLocation="http://www.loc.gov/MARC21/slim http://www.loc.gov/standards/marcxml/schema/MARC21slim.xsd"
    xmlns="http://www.loc.gov/MARC21/slim">

  <leader>02716nam0a2200433   4500</leader>
  <controlfield tag="001">RU\NLR\bibl\1869160</controlfield>
  <controlfield tag="005">20260408204936.0</controlfield>
  <datafield tag="010" ind1=" " ind2=" ">
    <subfield code="a">978-5-7513-1526-9</subfield>
    <subfield code="9">150</subfield>
  </datafield>
  <datafield tag="021" ind1=" " ind2=" ">
    <subfield code="a">RU</subfield>
    <subfield code="b">2012-1663</subfield>
    <subfield code="9">130</subfield>
  </datafield>
  <datafield tag="035" ind1=" " ind2=" ">
    <subfield code="a">(nilc)RSL-KNO-005384248</subfield>
  </datafield>
  <datafield tag="035" ind1=" " ind2=" ">
    <subfield code="a">(NLR Aleph) 001859015</subfield>
  </datafield>
  <datafield tag="090" ind1=" " ind2=" ">
    <subfield code="a">2505523</subfield>
    <subfield code="c">2505523</subfield>
  </datafield>
  <datafield tag="100" ind1=" " ind2=" ">
    <subfield code="a">20120206d2011    |||y0rusy50      ca</subfield>
  </datafield>
  <datafield tag="101" ind1="0" ind2=" ">
    <subfield code="a">rus</subfield>
    <subfield code="a">sah</subfield>
  </datafield>
  <datafield tag="102" ind1=" " ind2=" ">
    <subfield code="a">RU</subfield>
  </datafield>
  <datafield tag="105" ind1=" " ind2=" ">
    <subfield code="a">y   |||||||||</subfield>
  </datafield>
  <datafield tag="200" ind1="1" ind2=" ">
    <subfield code="a">&#x412;&#x43E;&#x441;&#x43F;&#x438;&#x442;&#x430;&#x43D;&#x438;&#x435;: &#x441;&#x43E;&#x437;&#x438;&#x434;&#x430;&#x43D;&#x438;&#x435;, &#x441;&#x43E;&#x442;&#x432;&#x43E;&#x440;&#x447;&#x435;&#x441;&#x442;&#x432;&#x43E; &#x438; &#x437;&#x430;&#x431;&#x43E;&#x442;&#x430;</subfield>
    <subfield code="e">&#x441;&#x431;&#x43E;&#x440;&#x43D;&#x438;&#x43A; &#x441;&#x442;&#x430;&#x442;&#x435;&#x439;, &#x43F;&#x43E;&#x441;&#x432;&#x44F;&#x449;&#x435;&#x43D;&#x43D;&#x44B;&#x439; 80-&#x43B;&#x435;&#x442;&#x43D;&#x435;&#x43C;&#x443; &#x44E;&#x431;&#x438;&#x43B;&#x435;&#x44E; &#x43A;&#x430;&#x43D;&#x434;&#x438;&#x434;&#x430;&#x442;&#x430; &#x43F;&#x435;&#x434;&#x430;&#x433;&#x43E;&#x433;&#x438;&#x447;&#x435;&#x441;&#x43A;&#x438;&#x445; &#x43D;&#x430;&#x443;&#x43A;, &#x43F;&#x440;&#x43E;&#x444;&#x435;&#x441;&#x441;&#x43E;&#x440;&#x430; &#x41C;&#x430;&#x442;&#x440;&#x435;&#x43D;&#x44B; &#x414;&#x435;&#x43D;&#x438;&#x441;&#x43E;&#x432;&#x43D;&#x44B; &#x413;&#x435;&#x440;&#x43C;&#x43E;&#x433;&#x435;&#x43D;&#x43E;&#x432;&#x43E;&#x439;</subfield>
    <subfield code="f">&#x41C;-&#x432;&#x43E; &#x43E;&#x431;&#x440;&#x430;&#x437;&#x43E;&#x432;&#x430;&#x43D;&#x438;&#x44F; &#x438; &#x43D;&#x430;&#x443;&#x43A;&#x438; &#x420;&#x43E;&#x441;&#x441;&#x438;&#x439;&#x441;&#x43A;&#x43E;&#x439; &#x424;&#x435;&#x434;&#x435;&#x440;&#x430;&#x446;&#x438;&#x438;, &#x424;&#x413;&#x410;&#x41E;&#x423; &#x412;&#x41F;&#x41E; "&#x421;&#x435;&#x432;.-&#x412;&#x43E;&#x441;&#x442;. &#x444;&#x435;&#x434;&#x435;&#x440;&#x430;&#x43B;&#x44C;&#x43D;&#x44B;&#x439; &#x443;&#x43D;-&#x442; &#x438;&#x43C;. &#x41C;. &#x41A;. &#x410;&#x43C;&#x43C;&#x43E;&#x441;&#x43E;&#x432;&#x430;", &#x41F;&#x435;&#x434;. &#x438;&#x43D;-&#x442;, &#x41A;&#x430;&#x444;. &#x432;&#x43E;&#x437;&#x440;&#x430;&#x441;&#x442;&#x43D;&#x43E;&#x439; &#x438; &#x43F;&#x435;&#x434;. &#x43F;&#x441;&#x438;&#x445;&#x43E;&#x43B;&#x43E;&#x433;&#x438;&#x438;</subfield>
    <subfield code="g">[&#x433;&#x43B;. &#x440;&#x435;&#x434;. &#x410;. &#x410;. &#x413;&#x440;&#x438;&#x433;&#x43E;&#x440;&#x44C;&#x435;&#x432;&#x430;]</subfield>
  </datafield>
  <datafield tag="210" ind1=" " ind2=" ">
    <subfield code="a">&#x42F;&#x43A;&#x443;&#x442;&#x441;&#x43A;</subfield>
    <subfield code="c">&#x418;&#x437;&#x434;. &#x434;&#x43E;&#x43C; &#x421;&#x435;&#x432;.-&#x412;&#x43E;&#x441;&#x442;. &#x444;&#x435;&#x434;&#x435;&#x440;&#x430;&#x43B;&#x44C;&#x43D;&#x43E;&#x433;&#x43E; &#x443;&#x43D;-&#x442;&#x430;</subfield>
    <subfield code="d">2011</subfield>
  </datafield>
  <datafield tag="215" ind1=" " ind2=" ">
    <subfield code="a">202 &#x441;.</subfield>
    <subfield code="c">&#x438;&#x43B;., &#x442;&#x430;&#x431;&#x43B;.</subfield>
    <subfield code="d">21</subfield>
  </datafield>
  <datafield tag="300" ind1=" " ind2=" ">
    <subfield code="a">&#x422;&#x435;&#x43A;&#x441;&#x442; &#x440;&#x443;&#x441;., &#x44F;&#x43A;&#x443;&#x442;.</subfield>
  </datafield>
  <datafield tag="320" ind1=" " ind2=" ">
    <subfield code="a">&#x411;&#x438;&#x431;&#x43B;&#x438;&#x43E;&#x433;&#x440;. &#x432; &#x43A;&#x43E;&#x43D;&#x446;&#x435; &#x441;&#x442;.</subfield>
  </datafield>
  <datafield tag="320" ind1=" " ind2=" ">
    <subfield code="a">&#x421;&#x43F;&#x438;&#x441;&#x43E;&#x43A; &#x442;&#x440;&#x443;&#x434;&#x43E;&#x432; &#x41C;. &#x414;. &#x413;&#x435;&#x440;&#x43C;&#x43E;&#x433;&#x435;&#x43D;&#x43E;&#x432;&#x43E;&#x439;: &#x441;. 201-202</subfield>
  </datafield>
  <datafield tag="600" ind1=" " ind2="1">
    <subfield code="a">&#x413;&#x435;&#x440;&#x43C;&#x43E;&#x433;&#x435;&#x43D;&#x43E;&#x432;&#x430;</subfield>
    <subfield code="b">&#x41C;. &#x414;.</subfield>
    <subfield code="g">&#x41C;&#x430;&#x442;&#x440;&#x435;&#x43D;&#x430; &#x414;&#x435;&#x43D;&#x438;&#x441;&#x43E;&#x432;&#x43D;&#x430;</subfield>
    <subfield code="j">&#x421;&#x431;&#x43E;&#x440;&#x43D;&#x438;&#x43A;&#x438;</subfield>
    <subfield code="3">RU\NLR\auth\661589215</subfield>
    <subfield code="9">2130093</subfield>
  </datafield>
  <datafield tag="606" ind1="1" ind2=" ">
    <subfield code="a">&#x412;&#x43E;&#x441;&#x43F;&#x438;&#x442;&#x430;&#x43D;&#x438;&#x435;</subfield>
    <subfield code="j">&#x421;&#x431;&#x43E;&#x440;&#x43D;&#x438;&#x43A;&#x438;</subfield>
    <subfield code="9">893560</subfield>
    <subfield code="3">RU\NLR\auth\663355</subfield>
  </datafield>
  <datafield tag="606" ind1="1" ind2=" ">
    <subfield code="a">&#x41F;&#x435;&#x434;&#x430;&#x433;&#x43E;&#x433;&#x438;&#x43A;&#x430;</subfield>
    <subfield code="j">&#x421;&#x431;&#x43E;&#x440;&#x43D;&#x438;&#x43A;&#x438;</subfield>
    <subfield code="x">&#x41D;&#x430;&#x443;&#x447;&#x43D;&#x43E;-&#x438;&#x441;&#x441;&#x43B;&#x435;&#x434;&#x43E;&#x432;&#x430;&#x442;&#x435;&#x43B;&#x44C;&#x441;&#x43A;&#x430;&#x44F; &#x440;&#x430;&#x431;&#x43E;&#x442;&#x430; &#x441;&#x442;&#x443;&#x434;&#x435;&#x43D;&#x442;&#x43E;&#x432;</subfield>
    <subfield code="9">1843485</subfield>
    <subfield code="3">RU\NLR\auth\66834747</subfield>
  </datafield>
  <datafield tag="686" ind1=" " ind2=" ">
    <subfield code="a">&#x427;421,6(2)3&#x44F;43</subfield>
    <subfield code="2">rubbk</subfield>
  </datafield>
  <datafield tag="686" ind1=" " ind2=" ">
    <subfield code="a">&#x427;33(2)7-8&#x413;&#x435;&#x440;&#x43C;&#x43E;&#x433;&#x435;&#x43D;&#x43E;&#x432;&#x430; &#x41C;.&#x414;.&#x44F;43</subfield>
    <subfield code="2">rubbk</subfield>
  </datafield>
  <datafield tag="686" ind1=" " ind2=" ">
    <subfield code="a">&#x427;484(2)7-8&#x413;&#x435;&#x440;&#x43C;&#x43E;&#x433;&#x435;&#x43D;&#x43E;&#x432;&#x430; &#x44F;43</subfield>
  </datafield>
  <datafield tag="686" ind1=" " ind2=" ">
    <subfield code="a">&#x427;313&#x44F;43</subfield>
  </datafield>
  <datafield tag="686" ind1=" " ind2=" ">
    <subfield code="a">&#x427;486.63-268&#x44F;43</subfield>
  </datafield>
  <datafield tag="702" ind1=" " ind2="1">
    <subfield code="4">340</subfield>
    <subfield code="8">rus</subfield>
    <subfield code="7">ca</subfield>
    <subfield code="a">&#x413;&#x440;&#x438;&#x433;&#x43E;&#x440;&#x44C;&#x435;&#x432;&#x430;</subfield>
    <subfield code="b">&#x410;. &#x410;.</subfield>
    <subfield code="c">&#x434;-&#x440; &#x43F;&#x435;&#x434;. &#x43D;&#x430;&#x443;&#x43A;</subfield>
    <subfield code="f">1958-</subfield>
    <subfield code="g">&#x410;&#x43D;&#x442;&#x43E;&#x43D;&#x438;&#x43D;&#x430; &#x410;&#x444;&#x430;&#x43D;&#x430;&#x441;&#x44C;&#x435;&#x432;&#x43D;&#x430;</subfield>
    <subfield code="3">RU\NLR\auth\7740728</subfield>
    <subfield code="9">23679</subfield>
  </datafield>
  <datafield tag="702" ind1=" " ind2="1">
    <subfield code="a">&#x413;&#x435;&#x440;&#x43C;&#x43E;&#x433;&#x435;&#x43D;&#x43E;&#x432;&#x430;</subfield>
    <subfield code="b">&#x41C;. &#x414;.</subfield>
    <subfield code="g">&#x41C;&#x430;&#x442;&#x440;&#x435;&#x43D;&#x430; &#x414;&#x435;&#x43D;&#x438;&#x441;&#x43E;&#x432;&#x43D;&#x430;</subfield>
    <subfield code="4">570</subfield>
  </datafield>
  <datafield tag="712" ind1="0" ind2="2">
    <subfield code="4">570</subfield>
    <subfield code="a">&#x421;&#x435;&#x432;&#x435;&#x440;&#x43E;-&#x412;&#x43E;&#x441;&#x442;&#x43E;&#x447;&#x43D;&#x44B;&#x439; &#x444;&#x435;&#x434;&#x435;&#x440;&#x430;&#x43B;&#x44C;&#x43D;&#x44B;&#x439; &#x443;&#x43D;&#x438;&#x432;&#x435;&#x440;&#x441;&#x438;&#x442;&#x435;&#x442; &#x438;&#x43C;. &#x41C;. &#x41A;. &#x410;&#x43C;&#x43C;&#x43E;&#x441;&#x43E;&#x432;&#x430;</subfield>
    <subfield code="c">&#x42F;&#x43A;&#x443;&#x442;&#x441;&#x43A;</subfield>
    <subfield code="b">&#x41F;&#x435;&#x434;&#x430;&#x433;&#x43E;&#x433;&#x438;&#x447;&#x435;&#x441;&#x43A;&#x438;&#x439; &#x438;&#x43D;&#x441;&#x442;&#x438;&#x442;&#x443;&#x442;</subfield>
    <subfield code="b">&#x41A;&#x430;&#x444;&#x435;&#x434;&#x440;&#x430; &#x432;&#x43E;&#x437;&#x440;&#x430;&#x441;&#x442;&#x43D;&#x43E;&#x439; &#x438; &#x43F;&#x435;&#x434;&#x430;&#x433;&#x43E;&#x433;&#x438;&#x447;&#x435;&#x441;&#x43A;&#x43E;&#x439; &#x43F;&#x441;&#x438;&#x445;&#x43E;&#x43B;&#x43E;&#x433;&#x438;&#x438;</subfield>
    <subfield code="3">RU\NLR\AUTH\8810209963</subfield>
    <subfield code="9">307117</subfield>
  </datafield>
  <datafield tag="801" ind1=" " ind2="0">
    <subfield code="a">RU</subfield>
    <subfield code="b">RuMoRKP</subfield>
    <subfield code="c">20120206</subfield>
    <subfield code="g">rcr</subfield>
  </datafield>
  <datafield tag="801" ind1=" " ind2="1">
    <subfield code="a">RU</subfield>
    <subfield code="b">&#x420;&#x413;&#x411;</subfield>
    <subfield code="c">20120206</subfield>
  </datafield>
  <datafield tag="801" ind1=" " ind2="2">
    <subfield code="a">RU</subfield>
    <subfield code="b">NLR</subfield>
    <subfield code="c">20120214</subfield>
    <subfield code="g">rcr</subfield>
  </datafield>
  <datafield tag="942" ind1=" " ind2=" ">
    <subfield code="c">BOOK</subfield>
  </datafield>
  <datafield tag="980" ind1=" " ind2=" ">
    <subfield code="a">NB</subfield>
  </datafield>
  <datafield tag="980" ind1=" " ind2=" ">
    <subfield code="a">NBR</subfield>
  </datafield>
  <datafield tag="995" ind1=" " ind2=" ">
    <subfield code="5">2012-02-14</subfield>
    <subfield code="a">ad</subfield>
    <subfield code="b">NLR01</subfield>
    <subfield code="c">NLR01</subfield>
    <subfield code="e">RF8</subfield>
    <subfield code="f">3594834</subfield>
    <subfield code="k">2012-3/5010</subfield>
    <subfield code="o">0</subfield>
    <subfield code="r">BOOK</subfield>
    <subfield code="s">201235010_</subfield>
  </datafield>
  <datafield tag="995" ind1=" " ind2=" ">
    <subfield code="5">2012-02-14</subfield>
    <subfield code="a">ad</subfield>
    <subfield code="b">NLR01</subfield>
    <subfield code="c">NLR01</subfield>
    <subfield code="e">RF8</subfield>
    <subfield code="f">3594838</subfield>
    <subfield code="k">2012-3/5010</subfield>
    <subfield code="o">0</subfield>
    <subfield code="r">BOOK</subfield>
    <subfield code="s">201235010_</subfield>
  </datafield>
</record>
